Nghệ thuật giao tiếp phi ngôn ngữ

Gorde:
Xehetasun bibliografikoak
Egile nagusia: Hạng, Lôi
Formatua: Liburua
Hizkuntza:Undetermined
Argitaratua: Thanh Hóa Nhà xuất bản Thanh Hóa 2004
Gaiak:
Etiketak: Etiketa erantsi
Etiketarik gabe, Izan zaitez lehena erregistro honi etiketa jartzen!
Thư viện lưu trữ: Trung tâm Học liệu Trường Đại học Cần Thơ
LEADER 00590nam a2200193Ia 4500
001 CTU_73975
008 210402s9999 xx 000 0 und d
020 |b 36000 
082 |a 302.222 
082 |b L452 
100 |a Hạng, Lôi 
245 0 |a Nghệ thuật giao tiếp phi ngôn ngữ 
245 0 |c Hạng Lôi; Thế Anh, Tuyết Mai dịch 
260 |a Thanh Hóa 
260 |b Nhà xuất bản Thanh Hóa 
260 |c 2004 
650 |a Body language,Nonverbal communication 
904 |i Mai Loan 
980 |a Trung tâm Học liệu Trường Đại học Cần Thơ